Central Library OPAC University of Rajshahi

Cartesian studies / (Record no. 29998)

MARC details
000 -LEADER
fixed length control field 00740cam a2200265 4500
001 - CONTROL NUMBER
control field 29998
003 - CONTROL NUMBER IDENTIFIER
rucl marc code BD-RjUL
005 - DATE AND TIME OF LATEST TRANSACTION
control field 20211209051508.0
008 - FIXED-LENGTH DATA ELEMENTS--GENERAL INFORMATION
fixed length control field 140408s1972 enk b 000 0 eng
020 ## - INTERNATIONAL STANDARD BOOK NUMBER
International Standard Book Number 0631137505
035 ## - SYSTEM CONTROL NUMBER
System control number (BD-RjUL) 30083
040 ## - CATALOGING SOURCE
Original cataloging agency DLC
Transcribing agency DLC
Modifying agency DLC
-- BD-RjUL
Language of cataloging eng
041 ## - LANGUAGE CODE
Language code of text/sound track or separate title eng
082 00 - DEWEY DECIMAL CLASSIFICATION NUMBER
Classification number 194
Author mark and year CAR 1972
245 10 - TITLE STATEMENT
Title Cartesian studies /
Statement of responsibility, etc. edited by R. J. Butler.
260 ## - PUBLICATION, DISTRIBUTION, ETC. (IMPRINT)
Place of publication, distribution, etc. Oxford :
Name of publisher, distributor, etc. B. Blackwell,
Date of publication, distribution, etc. 1972.
300 ## - PHYSICAL DESCRIPTION
Pagination 145 p. ;
Size 22 cm.
350 ## - PRICE (NR) (BK AM CF MU VM SE) [OBSOLETE]
Price £1.90
504 ## - BIBLIOGRAPHY, ETC. NOTE
Bibliography, etc Includes bibliographical references.
600 10 - SUBJECT ADDED ENTRY--PERSONAL NAME
Personal name Descartes, René,
Dates associated with a name 1596-1650.
700 1# - ADDED ENTRY--PERSONAL NAME
Personal name Butler, R. J.
Fuller form of name (Ronald Joseph),
942 ## - ADDED ENTRY ELEMENTS (KOHA)
Source of classification or shelving scheme Dewey Decimal Classification
Koha item type Books
Holdings
Lost status Source of classification or shelving scheme Damaged status Not for loan Permanent Location Current Location Shelving location Date acquired Source of acquisition Cost, normal purchase price Total Checkouts Full call number Date last seen Copy number Koha item type Collection code Date checked out
  Dewey Decimal Classification   Added to bundle Central Library, University of Rajshahi Central Library, University of Rajshahi Reading Room 31/05/1975 Jonathan Wren & Co. 1.90   194 CAR 1972 08/04/2014 C-1 Books    
  Dewey Decimal Classification     Central Library, University of Rajshahi Central Library, University of Rajshahi   31/05/1975 Jonathan Wren & Co. 1.90   194 CAR 1972 08/04/2014 C-2 Books    
  Dewey Decimal Classification     Central Library, University of Rajshahi Central Library, University of Rajshahi   31/05/1975 Gonathen 1.90   194 CAR 1972 09/04/2014 C-4 Books Non-fiction  
  Dewey Decimal Classification     Central Library, University of Rajshahi Central Library, University of Rajshahi   31/05/1975 Gonathen 1.90 1 194 CAR 1972 14/11/2019 C-3 Books Non-fiction 20/10/2019
  Dewey Decimal Classification     Central Library, University of Rajshahi Central Library, University of Rajshahi   03/06/1975 Gonathen 1.90   194 CAR 1972 09/04/2014 C-5 Books Non-fiction